[Event "Bordeaux ASPOM-Echiquier Bordelais"]
[Site "Bordeaux"]
[Date "2008.02.10"]
[Round "7.8"]
[White "Soissong, Elzbieta"]
[Black "Garma, Jovanka"]
[Result "0-1"]
[WhiteElo "1640"]
[BlackElo "1770"]
[PlyCount "81"]
[EventDate "2008.07.10"]

1. d4 d5 2. e3 c5 3. c3 Nc6 4. Bd3 Nf6 5. f4 e6 6. Nf3 Bd6 7. Nbd2 b6 8. O-O g6
9. Ne5 Qc7 10. Qf3 Bb7 11. Qh3 O-O-O 12. a4 Rhe8 13. b3 Kb8 14. Bb2 Nh5 15. Qf3
Ng7 16. e4 Rf8 17. Nxc6+ Bxc6 18. e5 Be7 19. Qe2 Nf5 20. a5 Kc8 21. axb6 axb6
22. Ra2 Kd7 23. Rfa1 Rb8 24. Bb5 Rfc8 25. Ra7 Rb7 26. Bxc6+ Qxc6 27. Qa6 Rbc7
28. c4 cxd4 29. cxd5 Qxd5 30. Nc4 Bc5 31. Nxb6+ Bxb6 32. Qxb6 Qc6 33. Bxd4 Ne7
34. Bc5 Nd5 35. Rd1 Rxa7 36. Qxc6+ Kxc6 37. Bxa7 Nxf4 38. Rc1+ Kb7 39. Rxc8
Kxc8 40. h4 Nd3 {suite illisible} 41. b4 0-1

[Event "Montpellier Diagonale-Vitrolles"]
[Site "Vitrolles"]
[Date "2008.02.10"]
[Round "7.2"]
[White "Abello, Sebastien"]
[Black "Palleja, Xavier"]
[Result "1-0"]
[WhiteElo "2275"]
[BlackElo "2269"]
[PlyCount "129"]
[EventDate "2008.02.10"]

1. d4 e6 2. c4 c5 3. d5 exd5 4. cxd5 d6 5. e4 g6 6. Nc3 Bg7 7. f3 Nf6 8. Nge2
O-O 9. Ng3 a6 10. a4 Nbd7 11. Be2 Qc7 12. O-O Rb8 13. Be3 c4 14. Rc1 b5 15.
axb5 axb5 16. b4 Ne8 17. Qd2 Qd8 18. Bd4 Ne5 19. f4 Ng4 20. Bxg4 Bxg4 21. f5
Qh4 22. Bxg7 Kxg7 23. fxg6 hxg6 24. Qf4 g5 25. Nf5+ Bxf5 26. Qxf5 Qh6 27. Rf3
Qf6 28. Qd7 Qd4+ 29. Kh1 Nf6 30. Qf5 Nh7 31. Rcf1 Rb7 32. Rh3 Rh8 33. Qf2 Qxf2
34. Rxf2 Ra8 35. Rhf3 Nf8 36. h3 Ra3 37. Ne2 Rxf3 38. Rxf3 Ng6 39. Nd4 Ne5 40.
Rf1 Rb6 41. Kg1 Nd3 42. Ne2 Ra6 43. Nd4 Rb6 44. Nc2 Rb7 45. Kh2 Kg6 46. Rf3 Re7
47. Nd4 Rb7 48. Nc2 Re7 49. Nd4 Rxe4 50. Nxb5 Rf4 51. Re3 Nxb4 52. Nxd6 Nxd5
53. Re5 Nb6 54. Rc5 f6 55. Rc6 Nd5 56. Nxc4 Rf2 57. Ne5+ Kf5 58. Ng4 Rd2 59.
Rd6 Rd1 60. Nxf6 Ke5 61. Rxd5+ Rxd5 62. Nxd5 Kxd5 63. Kg3 Ke5 64. Kg4 Kf6 65.
Kh5 1-0

[Event "Montpellier Diagonale-Vitrolles"]
[Site "Vitrolles"]
[Date "2008.02.10"]
[Round "7.3"]
[White "Vaklinov, Vasil"]
[Black "Midoux, Sebastien"]
[Result "1/2-1/2"]
[WhiteElo "2172"]
[BlackElo "2338"]
[PlyCount "38"]
[EventDate "2008.02.10"]

1. c4 g6 2. Nc3 Bg7 3. g3 d6 4. Bg2 Nc6 5. Nf3 e5 6. d3 Nf6 7. O-O O-O 8. a3 a5
9. Rb1 Re8 10. b4 axb4 11. axb4 e4 12. Nxe4 Nxe4 13. dxe4 Rxe4 14. b5 Nd4 15.
Be3 Rxe3 16. Nxd4 Re5 17. e3 h5 18. Qd3 h4 19. Rbe1 Rb8 {suite illisible}
1/2-1/2

[Event "Montpellier Diagonale-Vitrolles"]
[Site "Vitrolles"]
[Date "2008.02.10"]
[Round "7.4"]
[White "Peray, Sebastien"]
[Black "Guerin, Gilles"]
[Result "1-0"]
[WhiteElo "2167"]
[BlackElo "2231"]
[PlyCount "103"]
[EventDate "2008.02.10"]

1. e4 d6 2. d4 Nf6 3. f3 Nbd7 4. c4 e5 5. Nc3 g6 6. d5 Nh5 7. Be3 Bg7 8. Bd3
Nf4 9. Qd2 Nxd3+ 10. Qxd3 O-O 11. g4 Bh6 12. h4 Bxe3 13. Qxe3 a6 14. Nge2 f5
15. gxf5 gxf5 16. exf5 Nb6 17. Qh6 Qe7 18. Ne4 Bxf5 19. b3 Bxe4 20. fxe4 Nd7
21. Ng3 Qf6 22. Nf5 Nc5 23. Qe3 Nxe4 24. Rf1 Kh8 25. Qxe4 Qg6 26. O-O-O b5 27.
c5 a5 28. c6 b4 29. Rf2 Rf6 30. Rdf1 Raf8 31. Qc2 R8f7 32. Kb1 Rf8 33. Ka1 R8f7
34. Rf3 Rf8 35. Qe4 R8f7 36. R3f2 Rf8 37. Kb2 R8f7 38. Rf3 Rf8 39. R1f2 R8f7
40. Rf1 Rf8 41. R3f2 Qh5 42. Kc2 Qg6 43. Rg2 Qh5 44. Ng7 Qh6 45. Rxf6 Rxf6 46.
Ne6 Qh5 47. Qg4 Qf7 48. Qg3 Rg6 49. Rf2 Rf6 50. Rxf6 Qxf6 51. Kd3 Qf5+ 52. Ke3
1-0

[Event "Montpellier Diagonale-Vitrolles"]
[Site "Vitrolles"]
[Date "2008.02.10"]
[Round "7.5"]
[White "Piquemal, Christiane"]
[Black "Montagard, Guillaume"]
[Result "0-1"]
[WhiteElo "2075"]
[BlackElo "2225"]
[PlyCount "80"]
[EventDate "2008.02.10"]

1. d4 Nf6 2. c4 d6 3. Nc3 Nbd7 4. e4 e5 5. d5 Nc5 6. f3 a5 7. Be3 g6 8. Nge2
Bg7 9. Nc1 O-O 10. Nd3 b6 11. Qd2 Ne8 12. g4 Qh4+ 13. Ke2 Qe7 14. h4 f5 15.
gxf5 gxf5 16. Bg5 Qf7 17. exf5 Bxf5 18. Nxc5 dxc5 19. Rg1 Bg4 20. Bg2 Bxf3+ 21.
Bxf3 Qxf3+ 22. Ke1 Kh8 23. Qe2 Nd6 24. Be7 Rf4 25. Qxf3 Rxf3 26. Bxd6 cxd6 27.
Nb5 e4 28. Nxd6 Rd8 29. Nb5 Bxb2 30. Rb1 Bf6 31. Ke2 Rh3 32. Nc7 Rh2+ 33. Kd1
Rxa2 34. Ne6 Re8 35. Rg4 e3 36. Rb3 h5 37. Rg3 e2+ 38. Ke1 Bxh4 39. Kf2 Rg8 40.
Rbe3 Bxg3+ 0-1

[Event "Montpellier Diagonale-Vitrolles"]
[Site "Vitrolles"]
[Date "2008.02.10"]
[Round "7.6"]
[White "Cherki, Thomas"]
[Black "Bassolet, Gabin"]
[Result "0-1"]
[WhiteElo "2227"]
[BlackElo "1954"]
[PlyCount "80"]
[EventDate "2008.02.10"]

1. e4 c5 2. Nc3 Nc6 3. f4 e6 4. Nf3 a6 5. a4 d5 6. d3 g6 7. g3 Bg7 8. Bg2 Nge7
9. O-O h5 10. Ne2 Rb8 11. c3 O-O 12. Be3 b6 13. h3 Bh6 14. Qe1 e5 15. Qf2 d4
16. cxd4 exd4 17. Bd2 f5 18. Nh2 a5 19. g4 hxg4 20. Qh4 Bg7 21. hxg4 Bf6 22.
Qg3 Kf7 23. Kf2 Rh8 24. g5 Bg7 25. Rh1 fxe4 26. Bxe4 Bf5 27. Qf3 Qd7 28. Ng3
Rh3 29. Qg2 Bxe4 30. Qxe4 Re8 31. Rae1 Rxg3 32. Nf1 Rh3 33. Rxh3 Qxh3 34. Ng3
Qh2+ 35. Kf3 Qxd2 36. Re2 Qd1 37. f5 Ne5+ 38. Kg2 Nxf5 39. Nxf5 gxf5 40. Qxf5+
Kg8 0-1

[Event "Montpellier Diagonale-Vitrolles"]
[Site "Vitrolles"]
[Date "2008.02.10"]
[Round "7.7"]
[White "Louche, Herve"]
[Black "Cortes, Antoine"]
[Result "1-0"]
[WhiteElo "1809"]
[BlackElo "2160"]
[PlyCount "61"]
[EventDate "2008.02.10"]

1. e4 c5 2. Nf3 Nc6 3. Bb5 g6 4. O-O Bg7 5. c3 Nf6 6. Re1 O-O 7. d4 cxd4 8.
cxd4 d5 9. e5 Ne4 10. Nc3 Nxc3 11. bxc3 Bg4 12. Bxc6 bxc6 13. h3 Bxf3 14. Qxf3
Qa5 15. Qd3 c5 16. Be3 c4 17. Qd2 Rab8 18. Rab1 Rb5 19. Bg5 e6 20. Bf6 Rfb8 21.
Rxb5 Qxb5 22. Rc1 Qa5 23. h4 Bxf6 24. exf6 Qd8 25. Qf4 h5 26. g4 hxg4 27. h5
Rb7 28. Kg2 e5 29. Qg5 Qe8 30. dxe5 Rb2 31. hxg6 1-0

[Event "Montpellier Diagonale-Vitrolles"]
[Site "Vitrolles"]
[Date "2008.02.10"]
[Round "7.8"]
[White "Estevez, Dorothee"]
[Black "Solinas, Francois"]
[Result "0-1"]
[WhiteElo "1850"]
[BlackElo "1750"]
[PlyCount "44"]
[EventDate "2008.02.10"]

1. d4 e6 2. c4 d5 3. Nf3 c6 4. Qc2 Nf6 5. Nc3 Bd6 6. Bg5 Nbd7 7. e4 dxe4 8.
Nxe4 Qa5+ 9. Bd2 Qc7 10. Bd3 Bf4 11. O-O O-O 12. Rfe1 b6 13. Nxf6+ Nxf6 14. Ne5
Bxd2 15. Qxd2 Bb7 16. Qf4 c5 17. Re3 cxd4 18. Rg3 Nh5 19. Qh6 f5 20. Qxe6+ Kh8
21. Re1 Nxg3 22. hxg3 Rae8 0-1

[Event "L'Isle sur la Sorgue-Montpellier II"]
[Site "Montpellier"]
[Date "2008.02.10"]
[Round "7.1"]
[White "Moncamp, Gilles"]
[Black "Anic, Darko"]
[Result "1/2-1/2"]
[WhiteElo "2223"]
[BlackElo "2448"]
[PlyCount "82"]
[EventDate "2008.02.10"]

1. e4 e5 2. Nf3 Nc6 3. Bc4 Nf6 4. d4 exd4 5. O-O Nxe4 6. Re1 d5 7. Bxd5 Qxd5 8.
Nc3 Qa5 9. Nxe4 Be6 10. Neg5 O-O-O 11. Nxe6 fxe6 12. Rxe6 Bd6 13. Bg5 Rdf8 14.
Qe1 Qxe1+ 15. Raxe1 Kd7 16. a3 Rf5 17. R1e4 Rhf8 18. Bh4 Rb5 19. b4 a5 20. Nxd4
Nxd4 21. Rxd4 axb4 22. axb4 Rxb4 23. Re7+ Kc8 24. Rxb4 Bxe7 25. Bxe7 Re8 26. f4
Rxe7 27. Kf2 Rd7 28. Ke3 Rd5 29. g4 b5 30. c4 bxc4 31. Rxc4 Kd7 32. Ke4 Rd2 33.
h4 Kd6 34. Ra4 Rh2 35. h5 Rh1 36. Ra6+ Ke7 37. Rc6 Kd7 38. Rc5 g6 39. hxg6 hxg6
40. Rg5 Re1+ 41. Kd5 Re6 1/2-1/2

[Event "L'Isle sur la Sorgue-Montpellier II"]
[Site "Montpellier"]
[Date "2008.02.10"]
[Round "7.2"]
[White "Zharkov, Hleb"]
[Black "Dimitrov, Christo"]
[Result "1/2-1/2"]
[WhiteElo "2253"]
[BlackElo "2286"]
[PlyCount "51"]
[EventDate "2008.02.10"]

1. d4 d5 2. Nf3 Nf6 3. Bg5 Ne4 4. Bh4 c5 5. Nbd2 Nc6 6. e3 Qb6 7. c4 Nxd2 8.
Qxd2 e6 9. a3 cxd4 10. Nxd4 Nxd4 11. exd4 dxc4 12. Bxc4 Bd6 13. O-O O-O 14. f4
Bd7 15. Rf3 Rfc8 16. Rc3 Bb5 17. Rac1 Rxc4 18. Rxc4 Bxc4 19. Rxc4 Qb3 20. Rc3
Qd5 21. Bf2 h6 22. Be3 Rd8 23. Qc2 g6 24. Qb3 Qe4 25. Qc2 Qd5 26. Qb3 1/2-1/2

[Event "L'Isle sur la Sorgue-Montpellier II"]
[Site "Montpellier"]
[Date "2008.02.10"]
[Round "7.3"]
[White "Weill, Roland"]
[Black "Touzane, Olivier"]
[Result "1-0"]
[WhiteElo "2232"]
[BlackElo "2326"]
[PlyCount "79"]
[EventDate "2008.02.10"]

1. Nf3 d6 2. d4 g6 3. e4 Bg7 4. Nc3 a6 5. Bd3 b5 6. O-O Bb7 7. Qe2 Nd7 8. a4 b4
9. Na2 c5 10. dxc5 dxc5 11. Rb1 Qb8 12. b3 Ngf6 13. Bb2 O-O 14. Rfe1 e6 15. Nd2
Ne5 16. Nc1 Bh6 17. Nf1 Nfd7 18. Ne3 a5 19. Bb5 Bg7 20. Bxd7 Nxd7 21. Bxg7 Kxg7
22. f3 Rd8 23. Qf2 Ba6 24. Ne2 c4 25. Ng3 cxb3 26. cxb3 Ne5 27. Qb2 Kg8 28.
Rbd1 Rd3 29. f4 Rxd1 30. Rxd1 Nd3 31. Rxd3 Bxd3 32. Ng4 Qxf4 33. Nf6+ Kf8 34.
Nxh7+ Ke7 35. Qd4 Rd8 36. Qc5+ Kd7 37. e5 Ra8 38. Nf6+ Kd8 39. Qd6+ Kc8 40.
Qc6+ 1-0

[Event "L'Isle sur la Sorgue-Montpellier II"]
[Site "Montpellier"]
[Date "2008.02.10"]
[Round "7.4"]
[White "Hamdouchi, Adina Maria"]
[Black "Vanderbeeken, Mikael"]
[Result "1-0"]
[WhiteElo "2288"]
[BlackElo "2096"]
[PlyCount "85"]
[EventDate "2008.02.10"]

1. Nf3 Nf6 2. d4 d5 3. g3 c5 4. Bg2 Nc6 5. O-O e6 6. c4 cxd4 7. Nxd4 Bc5 8.
Nxc6 bxc6 9. Nc3 O-O 10. e4 Ba6 11. e5 Nd7 12. Re1 Bxc4 13. Na4 Bb4 14. Bd2 Rb8
15. Bxb4 Rxb4 16. b3 Qa5 17. Rc1 Nb8 18. f4 g6 19. Qc2 Rd8 20. Red1 Bb5 21. Nc5
Bc4 22. Qf2 Ba6 23. a3 Rb7 24. Nxb7 Bxb7 25. Qc5 Qb6 26. b4 Na6 27. Qd4 Nc7 28.
Bf1 Rc8 29. a4 Na6 30. Rb1 Kf8 31. Qxb6 axb6 32. Bxa6 Bxa6 33. b5 Bb7 34. bxc6
Rxc6 35. Rdc1 Ke7 36. a5 Rxc1+ 37. Rxc1 Kd7 38. axb6 Ba6 39. Kf2 Bc4 40. Rb1
Kc8 41. Ke3 Kb7 42. Kd4 Ba6 43. Kc5 1-0

[Event "L'Isle sur la Sorgue-Montpellier II"]
[Site "Montpellier"]
[Date "2008.02.10"]
[Round "7.5"]
[White "Le Quinio, Alexis"]
[Black "Flear, Christine"]
[Result "1/2-1/2"]
[WhiteElo "2109"]
[BlackElo "2161"]
[PlyCount "21"]
[EventDate "2008.02.10"]

1. c4 f5 2. Nc3 Nf6 3. g3 g6 4. Bg2 Bg7 5. d4 O-O 6. Bg5 Nc6 7. Nf3 d6 8. d5
Ne5 9. Nxe5 dxe5 10. e4 h6 11. Be3 1/2-1/2

[Event "L'Isle sur la Sorgue-Montpellier II"]
[Site "Montpellier"]
[Date "2008.02.10"]
[Round "7.6"]
[White "Guennoun, Anthony"]
[Black "Lallement, Victor"]
[Result "1-0"]
[WhiteElo "2163"]
[BlackElo "2083"]
[PlyCount "93"]
[EventDate "2008.02.10"]

1. e4 c5 2. Nf3 d6 3. c3 Nf6 4. h3 Nc6 5. Bd3 e6 6. Bc2 Be7 7. O-O O-O 8. Re1
Bd7 9. d4 cxd4 10. cxd4 Nb4 11. Bb3 d5 12. e5 Ne4 13. Nc3 Nxc3 14. bxc3 Nc6 15.
Qd3 Na5 16. Bc2 g6 17. Bh6 Re8 18. Qe3 f6 19. Qf4 f5 20. g4 fxg4 21. Qxg4 Kh8
22. Ng5 Rf8 23. Nxh7 Rf5 24. Nf6 Bxf6 25. exf6 Qxf6 26. Bxf5 Qxf5 27. Qh4 Nc6
28. Bf4+ Kg8 29. Be5 Qh5 30. Qxh5 gxh5 31. Kh2 Kh7 32. Bd6 Rg8 33. Rg1 Be8 34.
Rxg8 Kxg8 35. Kg3 Bg6 36. Kf4 Bf5 37. h4 Kf7 38. Kg5 Bg6 39. Re1 Na5 40. Bb4
Nc4 41. Rxe6 Kxe6 42. Kxg6 a5 43. Bc5 b6 44. Bf8 Nd2 45. f4 Ne4 46. f5+ Kd7 47.
Ba3 1-0

[Event "L'Isle sur la Sorgue-Montpellier II"]
[Site "Montpellier"]
[Date "2008.02.10"]
[Round "7.7"]
[White "Penalver, Francois"]
[Black "Dussol, Pierre"]
[Result "0-1"]
[WhiteElo "1871"]
[BlackElo "2203"]
[PlyCount "76"]
[EventDate "2008.02.10"]

1. e4 c5 2. Nf3 e6 3. d4 cxd4 4. Nxd4 Nc6 5. Nc3 a6 6. Be2 Nge7 7. O-O Nxd4 8.
Qxd4 Nc6 9. Qd1 b5 10. Be3 Be7 11. f4 O-O 12. Qd2 Qc7 13. a3 Bb7 14. Bf3 Na5
15. Qc1 Nc4 16. Bf2 Rac8 17. Kh1 f5 18. Re1 Nxa3 19. Re2 b4 20. Na4 fxe4 21.
Rxe4 Bxe4 22. Bxe4 Nxc2 23. Rb1 Qxf4 24. Bf3 Qxc1+ 25. Rxc1 Bg5 26. Rd1 Be3 27.
Kg1 d5 28. Bxe3 Nxe3 29. Rd3 Rc1+ 30. Kf2 Ng4+ 31. Kg3 Ne5 32. Re3 Nxf3 33.
gxf3 Rf6 34. Nb6 d4 35. Rd3 e5 36. Nd5 Rg6+ 37. Kf2 Rc2+ 38. Kf1 Rgg2 0-1

[Event "L'Isle sur la Sorgue-Montpellier II"]
[Site "Montpellier"]
[Date "2008.02.10"]
[Round "7.8"]
[White "Buscara, Sevan"]
[Black "Penalver, Marioin"]
[Result "1-0"]
[WhiteElo "2126"]
[BlackElo "1884"]
[PlyCount "77"]
[EventDate "2008.02.10"]

1. d4 Nf6 2. Nf3 b6 3. Bf4 Bb7 4. e3 e6 5. h3 Be7 6. Be2 O-O 7. O-O Ne4 8. Nbd2
f5 9. c3 c5 10. Bh2 Qe8 11. Nc4 Nc6 12. a4 cxd4 13. cxd4 Nd8 14. a5 b5 15. a6
Bd5 16. Nce5 d6 17. Nd3 Rc8 18. Nd2 Nxd2 19. Qxd2 g5 20. Rfc1 Nc6 21. f3 Qg6
22. Nf2 g4 23. hxg4 fxg4 24. Nxg4 h5 25. Nf2 Bh4 26. Nh3 Bxf3 27. Bxf3 Rxf3 28.
Nf4 Rxf4 29. Bxf4 d5 30. Rc2 Qe8 31. Rac1 Ne7 32. Rxc8 Nxc8 33. Qc2 Nb6 34. b3
Bd8 35. Bc7 Kg7 36. Bxd8 Qxd8 37. Qc7+ Qxc7 38. Rxc7+ Kf6 39. Rxa7 1-0

[Event "Chamalieres-Nice"]
[Site "Montpellier"]
[Date "2008.03.15"]
[Round "8.1"]
[White "Etchegaray, Patrice"]
[Black "Suarez Real, Alberto"]
[Result "1/2-1/2"]
[WhiteElo "2376"]
[BlackElo "2398"]
[PlyCount "91"]
[EventDate "2008.03.15"]

1. e4 c5 2. c3 Nf6 3. e5 Nd5 4. d4 cxd4 5. Nf3 e6 6. cxd4 d6 7. Bc4 Nc6 8. O-O
Be7 9. Qe2 O-O 10. Qe4 Bd7 11. exd6 Bxd6 12. Nc3 Nce7 13. Bd3 Ng6 14. Nxd5 Bc6
15. Qg4 Bxd5 16. Ng5 Qf6 17. Nxh7 Qh4 18. Qxh4 Nxh4 19. Nxf8 Bxg2 20. Nh7 f6
21. Be3 Bxf1 22. Kxf1 Nf5 23. d5 Nxe3+ 24. fxe3 exd5 25. Bg6 Bxh2 26. Rd1 Rd8
27. e4 d4 28. Ke2 Be5 29. Kd3 Rc8 30. Rh1 Rc6 31. Rf1 Rc7 32. a4 a5 33. Ra1 b6
34. Rf1 Rc5 35. Rf2 b5 36. axb5 Rxb5 37. Rc2 Rb3+ 38. Kd2 Bf4+ 39. Kd1 Rb8 40.
Ke2 Be5 41. b3 d3+ 42. Kxd3 Rxb3+ 43. Ke2 Rb2 44. Rxb2 Bxb2 45. Kd3 a4 46. Kc2
1/2-1/2

[Event "Chamalieres-Nice"]
[Site "Montpellier"]
[Date "2008.03.15"]
[Round "8.2"]
[White "Bujisho, Benjamin"]
[Black "Robin, Samy"]
[Result "1/2-1/2"]
[WhiteElo "2387"]
[BlackElo "2352"]
[PlyCount "79"]
[EventDate "2008.03.15"]

1. d4 Nf6 2. c4 g6 3. Nc3 Bg7 4. e4 d6 5. Be2 O-O 6. Nf3 e5 7. O-O Nc6 8. d5
Ne7 9. Ne1 Ne8 10. Nd3 f5 11. Bd2 Nf6 12. f3 h5 13. exf5 gxf5 14. f4 e4 15. Nf2
Ng4 16. Nxg4 hxg4 17. Be3 c5 18. h3 gxh3 19. g3 Kh8 20. Kf2 Ng8 21. Rh1 Bxc3
22. bxc3 Nf6 23. Rxh3+ Kg7 24. Qb3 Rh8 25. Rah1 Rxh3 26. Rxh3 Qb6 27. Qc2 Bd7
28. Qc1 Rh8 29. Rxh8 Kxh8 30. g4 fxg4 31. Qh1+ Kg7 32. f5 Bxf5 33. Qh6+ Kf7 34.
Qh8 Qc7 35. Bh6 Kg6 36. Bf4 Qe7 37. Ke3 Qd7 38. Qf8 Ne8 39. Qg8+ Ng7 40. Qf8
1/2-1/2

[Event "Chamalieres-Nice"]
[Site "Montpellier"]
[Date "2008.03.15"]
[Round "8.3"]
[White "Sandu, Mihaela"]
[Black "Gachet, Sebastien"]
[Result "0-1"]
[WhiteElo "2313"]
[BlackElo "2271"]
[PlyCount "148"]
[EventDate "2008.03.15"]

1. e4 c5 2. Nf3 d6 3. d4 cxd4 4. Nxd4 Nf6 5. Nc3 g6 6. Be3 Bg7 7. f3 Nc6 8. Qd2
O-O 9. Bc4 Na5 10. Bb3 Nxb3 11. axb3 d5 12. e5 Ne8 13. f4 Nc7 14. O-O Bd7 15.
Nf3 e6 16. Bxa7 Na6 17. Be3 Qc7 18. Na4 Bxa4 19. Rxa4 Nc5 20. Qc3 Rxa4 21. bxa4
Rc8 22. Qxc5 Qxc5 23. Bxc5 Rxc5 24. Ne1 f6 25. exf6 Bxf6 26. b3 Bd4+ 27. Kh1
Be3 28. g3 Bd2 29. Nd3 Rc6 30. Rf2 Bc3 31. Re2 Kf7 32. Kg2 Kf6 33. Kf3 Bd4 34.
h3 Rc3 35. Kg2 Rc8 36. Ne1 Kf7 37. Nf3 Bf6 38. Kf2 Rc3 39. Rd2 Rc8 40. Ke2 Rc3
41. Kf2 Rc8 42. Kg2 Rc3 43. Ne1 Rc8 44. Nd3 Bc3 45. Re2 Bd4 46. Kf1 Bc3 47. Rg2
Bd4 48. Ke1 Bc3+ 49. Kd1 Kf6 50. g4 Bd4 51. Rg3 Kf7 52. Nc1 Bb6 53. Ne2 Bd8 54.
c4 Bf6 55. cxd5 exd5 56. Rd3 Rc5 57. Kd2 Ke6 58. Nd4+ Bxd4 59. Rxd4 Kd6 60. Rb4
Rc7 61. Kd3 Rf7 62. a5 Kc6 63. h4 Rf8 64. f5 gxf5 65. Rf4 Ra8 66. gxf5 Rxa5 67.
f6 Ra8 68. Kd4 Kd6 69. f7 Rf8 70. b4 Ke6 71. b5 Rxf7 72. Rxf7 Kxf7 73. Kxd5 Ke7
74. Kc5 b6+ 0-1

[Event "Chamalieres-Nice"]
[Site "Montpellier"]
[Date "2008.03.15"]
[Round "8.4"]
[White "Oliveira, Sancho"]
[Black "Blanc, Sebastien"]
[Result "0-1"]
[WhiteElo "2207"]
[BlackElo "2134"]
[PlyCount "80"]
[EventDate "2008.03.15"]

1. e4 e6 2. d4 d5 3. Nc3 Bb4 4. e5 c5 5. a3 Bxc3+ 6. bxc3 Qc7 7. Qg4 f5 8. Qh5+
Qf7 9. Qd1 b6 10. a4 Ba6 11. Bb5+ Bxb5 12. axb5 Nd7 13. h4 Ne7 14. Nh3 h6 15.
h5 O-O 16. Nf4 Rfc8 17. O-O Nf8 18. Ba3 Rc7 19. Qe2 Rac8 20. dxc5 bxc5 21. c4
dxc4 22. Qxc4 Nd5 23. Rfd1 Nxf4 24. Qxf4 Qxh5 25. Rd6 Qe2 26. Rad1 Qxc2 27.
R1d3 Qb1+ 28. Kh2 Qxb5 29. Bc1 Qb4 30. Qg3 Kh8 31. f3 c4 32. Ba3 Qa5 33. Re3 c3
34. Bc1 c2 35. Red3 Qa1 36. Qe1 Kg8 37. g4 fxg4 38. fxg4 Rc5 39. Kh3 Qxe5 40.
Qf2 Rc3 0-1

[Event "Chamalieres-Nice"]
[Site "Montpellier"]
[Date "2008.03.15"]
[Round "8.5"]
[White "Ollier, Pablo"]
[Black "Bes, Stephane"]
[Result "0-1"]
[WhiteElo "2127"]
[BlackElo "2139"]
[PlyCount "80"]
[EventDate "2008.03.15"]

1. d4 Nf6 2. c4 e6 3. Nc3 Bb4 4. e3 c5 5. Bd3 d5 6. Nf3 Nc6 7. O-O O-O 8. a3
Ba5 9. dxc5 Bxc3 10. bxc3 e5 11. cxd5 Qxd5 12. c4 Qxc5 13. Qc2 h6 14. Bb2 Be6
15. Nd2 Rfc8 16. Nb3 Qe7 17. f4 b5 18. c5 Bxb3 19. Qxb3 Qxc5 20. fxe5 Nxe5 21.
Bd4 Qe7 22. Bf5 Rcb8 23. Rac1 a6 24. Rc5 Nc4 25. Qb4 Re8 26. Bxf6 Qxe3+ 27. Kh1
gxf6 28. Rc6 Qe2 29. Rg1 Qe5 30. Rc5 Qe3 31. Rc6 Qg5 32. Bh3 Ne5 33. Rd6 Rad8
34. Rgd1 Rxd6 35. Qxd6 a5 36. Rf1 Kg7 37. Qb6 Nc4 38. Qc6 Qf4 39. Rg1 Re5 40.
Qb7 Qf2 0-1

[Event "Chamalieres-Nice"]
[Site "Montpellier"]
[Date "2008.03.15"]
[Round "8.6"]
[White "Boursier, Julien"]
[Black "Lafeuille, Bernard"]
[Result "1/2-1/2"]
[WhiteElo "2106"]
[BlackElo "1910"]
[PlyCount "160"]
[EventDate "2008.03.15"]

1. d4 e6 2. Nf3 f5 3. g3 Nf6 4. Bg2 Be7 5. b3 O-O 6. Bb2 d6 7. Nbd2 Nc6 8. O-O
Qe8 9. Re1 Qg6 10. e3 Bd7 11. a3 Rad8 12. Qe2 Qh6 13. e4 f4 14. e5 dxe5 15.
dxe5 Nd5 16. c4 Nb6 17. Rad1 fxg3 18. hxg3 Be8 19. Ne4 Bh5 20. Rxd8 Nxd8 21.
Qe3 Qg6 22. Nd4 Nd7 23. Ne2 a5 24. Nf4 Qf5 25. Qd4 Be8 26. Bh3 Qf7 27. Qd1 g5
28. Nd3 b6 29. b4 axb4 30. axb4 Qg6 31. Bc1 h5 32. g4 h4 33. Qd2 Nc6 34. Nxg5
Bxg5 35. Qxg5 Qxg5 36. Bxg5 Nd4 37. Bg2 h3 38. Be4 Nf3+ 39. Bxf3 Rxf3 40. Re3
Rxe3 41. Bxe3 Bg6 42. Nf4 Nxe5 43. Nxg6 Nxg6 44. Bd4 c5 45. bxc5 bxc5 46. Bb2
Nf4 47. Be5 Nd3 48. f4 Ne1 49. Kh2 Nf3+ 50. Kxh3 Nd2 51. Bd6 Nxc4 52. Bxc5 Kf7
53. Kg3 Nd2 54. Bb4 Ne4+ 55. Kf3 Nf6 56. Bc3 Nd5 57. Bd4 Ne7 58. Ke4 Nc6 59.
Bc3 Ne7 60. Bd2 Ng6 61. Bb4 Nh4 62. Ba5 Ng6 63. Bd8 Nf8 64. Bg5 Ng6 65. Kd4 Nf8
66. Ke5 Ng6+ 67. Kd6 Nf8 68. Kc6 Ng6 69. Kc5 Nf8 70. Kd6 Ng6 71. Bh6 Ne7 72.
Bg5 Ng6 73. f5 exf5 74. gxf5 Nf8 75. Be7 Nh7 76. Kd7 Nf6+ 77. Kd6 Ng8 78. Bg5
Nf6 79. Ke5 Nh7 80. Kf4 Nf8 1/2-1/2

[Event "Chamalieres-Nice"]
[Site "Montpellier"]
[Date "2008.03.15"]
[Round "8.7"]
[White "Ollier, Milan"]
[Black "Bressac, Stephane"]
[Result "0-1"]
[WhiteElo "1856"]
[BlackElo "1997"]
[PlyCount "88"]
[EventDate "2008.03.15"]

1. e4 c5 2. Nc3 a6 3. g3 b5 4. Bg2 Bb7 5. d3 e6 6. f4 Nf6 7. Nf3 b4 8. Ne2 d5
9. e5 Nfd7 10. O-O Nc6 11. Be3 Qc7 12. g4 O-O-O 13. c3 a5 14. cxb4 axb4 15. Rc1
Be7 16. b3 g5 17. d4 gxf4 18. Bxf4 Qb6 19. Kh1 Rhg8 20. g5 Kb8 21. Qd2 Ba6 22.
Rfe1 c4 23. bxc4 Bxc4 24. h4 Qb5 25. Ng3 Kb7 26. Bf1 Nb6 27. Qc2 Rh8 28. Be3
Ra8 29. Nd2 h6 30. Kg1 hxg5 31. hxg5 Ra3 32. Kg2 Rc3 33. Qb2 Bxf1+ 34. Ndxf1
Nc4 35. Qf2 Nxe3+ 36. Nxe3 Bxg5 37. Qxf7+ Kb6 38. Rxc3 bxc3 39. Qg7 Bxe3 40.
Qxh8 Bd2 41. Qh1 Bxe1 42. Qxe1 Qb2+ 43. Kf1 Nxd4 44. Ne2 Nxe2 0-1

[Event "Monaco-Echiquier Bordelais"]
[Site "Montpellier"]
[Date "2008.03.15"]
[Round "8.1"]
[White "Efimov, Igor"]
[Black "Daumens, Michel"]
[Result "1-0"]
[WhiteElo "2468"]
[BlackElo "2196"]
[PlyCount "67"]
[EventDate "2008.03.15"]

1. d4 Nf6 2. c4 e6 3. Nc3 Bb4 4. Nf3 b6 5. Bg5 Bb7 6. Nd2 h6 7. Bh4 c5 8. a3
Bxc3 9. bxc3 g5 10. Bg3 d6 11. f3 Qe7 12. h4 Rg8 13. hxg5 hxg5 14. e4 e5 15. a4
Nc6 16. Nb3 a5 17. Rb1 O-O-O 18. Be2 Rh8 19. Kf2 Rdg8 20. Na1 Nd7 21. Nc2 Qf6
22. Ne3 Rxh1 23. Qxh1 Ne7 24. Ng4 Qg7 25. dxe5 dxe5 26. Qd1 Kc7 27. Rxb6 Bc6
28. Rb2 f6 29. Ne3 Nb6 30. Nd5+ Nexd5 31. cxd5 Bxa4 32. d6+ Kc6 33. Rxb6+ Kxb6
34. Qxa4 1-0

[Event "Monaco-Echiquier Bordelais"]
[Site "Montpellier"]
[Date "2008.03.15"]
[Round "8.2"]
[White "Passager, Jean Pierre"]
[Black "Rombaldoni, Denis"]
[Result "0-1"]
[WhiteElo "2227"]
[BlackElo "2404"]
[PlyCount "94"]
[EventDate "2008.03.15"]

1. d4 Nf6 2. c4 e6 3. Nf3 Bb4+ 4. Bd2 a5 5. g3 b6 6. Bg2 Ba6 7. b3 Bb7 8. O-O
O-O 9. a3 Be7 10. Nc3 d5 11. Ne5 c5 12. Bg5 h6 13. Bxf6 Bxf6 14. e3 Na6 15.
cxd5 exd5 16. Qg4 cxd4 17. exd4 Nc5 18. Rab1 Ne6 19. Rfe1 Re8 20. Qh5 Re7 21.
Rbd1 Rc8 22. Nb5 Ng5 23. Ng4 Rxe1+ 24. Rxe1 Ba6 25. a4 Bxb5 26. axb5 Bxd4 27.
h4 Ne4 28. Bxe4 dxe4 29. Rxe4 Rc1+ 30. Kh2 Rc5 31. Ne5 g6 32. Qd1 Qd5 33. Qxd4
Qxd4 34. Rxd4 Rxe5 35. Kg2 Rxb5 36. Rd3 Kg7 37. Kf3 Kf6 38. Ke4 Ke6 39. f4 h5
40. Rc3 Kd6 41. Kd4 Rd5+ 42. Ke4 Rc5 43. Re3 Kc6 44. Kd3 Kb5 45. Re7 Kb4 46.
Rxf7 Rc3+ 47. Ke4 Rxg3 0-1

[Event "Monaco-Echiquier Bordelais"]
[Site "Montpellier"]
[Date "2008.03.15"]
[Round "8.3"]
[White "Rouchouse, Stevens"]
[Black "Faber, Michel"]
[Result "1/2-1/2"]
[WhiteElo "2193"]
[BlackElo "2250"]
[PlyCount "86"]
[EventDate "2008.03.15"]

1. e4 Nf6 2. e5 Nd5 3. d4 d6 4. c4 Nb6 5. exd6 cxd6 6. Be3 g6 7. Nc3 Bg7 8. Rc1
Nc6 9. Nf3 O-O 10. Be2 d5 11. c5 Nc4 12. O-O Nxe3 13. fxe3 Bh6 14. Qd2 Bf5 15.
Nh4 Be4 16. Nxe4 dxe4 17. g3 Qa5 18. Rc3 Rad8 19. Bc4 Nxd4 20. Qg2 Nc6 21. Qxe4
e6 22. a3 Qxc5 23. Bxe6 Qe7 24. Bd5 Qxe4 25. Bxe4 Rfe8 26. Bxc6 bxc6 27. Rxc6
Bxe3+ 28. Kh1 Rd2 29. Rc7 Bb6 30. Rcxf7 Ree2 31. Rf8+ Kg7 32. R8f7+ Kh6 33. Nf3
Rxb2 34. g4 g5 35. Rf5 Be3 36. Nd2 Bf4 37. Nf3 Rf2 38. Rxf2 Rxf2 39. Nxg5 Rxh2+
40. Kg1 Bb8 41. Ne6 Kg6 42. Nf8+ Kg7 43. Ne6+ Kg6 1/2-1/2